Person of Interest (slideshow) Quiz Stats

Quiz not verified by Sporcle

Challenge
Share
Tweet
Score 0/13 Timer 05:00
0 Plays Today
% Correct
Harold Finch
99.7%
John Reese
99.1%
Joss Carter
96.2%
Lionel Fusco
95.4%
Root
89.8%
Carl Elias
88.9%
Bear
87.8%
Sameen Shaw
87.3%
Zoe Morgan
70.3%
Control
67.3%
John Greer
59.9%
Patrick Simmons
57.1%
Nathan Ingram
55.2%

You're not logged in!

Compare scores with friends on all Sporcle quizzes.
Sign Up with Email
OR
Log In

You Might Also Like...

Show Comments

Extras

Top Quizzes Today


Score Distribution

Your Account Isn't Verified!

In order to create a playlist on Sporcle, you need to verify the email address you used during registration. Go to your Sporcle Settings to finish the process.